Premier League - Number 4 - Statistics

General Stats
  • This quiz has been taken 3 times
  • The average score is 7 of 20
Answer Stats
Hint Answer % Correct
Arsenal Ben White
100%
Manchester City Kalvin Phillips
100%
Manchester United Phil Jones
100%
Liverpool Virgil van Dijk
100%
Brighton Adam Webster
50%
Chelsea Benoit Badiashile
50%
Leicester Caglar Soyuncu
50%
Aston Villa Ezri Konsa
50%
Wolves Nathan Collins
50%
Newcastle Sven Botman
50%
Leeds Adam Forshaw
0%
Brentford Charlie Goode
0%
Nottingham Forest Joe Worrall
0%
West Ham Kurt Zouma
0%
Bournemouth Lewis Cook
0%
Crystal Palace Luka Milivojevic
0%
Southampton Lyanco
0%
Everton Mason Holgate
0%
Spurs Oliver Skipp
0%
Fulham Tosin Adarabioyo
0%
No matching quizzes found
Score Distribution
Percent of People with Each Score
Percentile by Number Answered
Your Score History
You have not taken this quiz